000 00445cam a22001814a 4500
005 20250605164115.0
008 250528s ||||||||||||||||||||||||d
035 _a18043
040 _aGR-AtMCL
_bgre
_dGR-AtMCL
_eAACR2
245 1 _aΕΙΣΑΓΩΓΗ ΣΤΗΝ ΨΥΧΑΝΑΛΥΣΗ
250 _a1
300 _a351
700 1 _aFreud Sigmund
_9241
942 _cBK
260 _bΝ. Δαμιανου
999 _c3435
_d3435